MARC

LEADER 00000nam0a2200000 4500
001 334511
005 20231102004648.0
035 |a (RuTPU)RU\TPU\book\360757 
090 |a 334511 
100 |a 20170829d1982 m y0rusy50 ca 
101 0 |a rus 
102 |a RU 
105 |a y j 001zy 
200 1 |a Основы статистического метода расчета термодинамических свойств газов  |e учебное пособие  |f Г. С. Каретников  |g Ленинградский технологический институт им. Ленсовета (ЛТИ), Кафедра физической химии 
210 |a Ленинград  |c Изд-во ЛТИ  |d 1982 
215 |a 56 с. 
320 |a Библиогр.: с. 54-55 
606 1 |a Газы  |x Термодинамика  |2 stltpush  |3 (RuTPU)RU\TPU\subj\5340  |9 33444 
610 1 |a физика 
610 1 |a термодинамические свойства 
610 1 |a идеальные газы 
610 1 |a статистические методы 
610 1 |a температура 
610 1 |a молекулярные константы 
610 1 |a расчеты 
610 1 |a учебные пособия 
610 1 |a библиотека А. Г. Стромберга 
675 |a 536.7(075.8)  |v 4 
700 1 |a Каретников  |b Г. С.  |g Герман Сергеевич 
712 0 2 |a Ленинградский технологический институт им. Ленсовета (ЛТИ)  |b Кафедра физической химии  |2 stltpush  |3 (RuTPU)RU\TPU\col\1462 
801 1 |a RU  |b 63413507  |c 20170829 
801 2 |a RU  |b 63413507  |c 20170919  |g RCR 
942 |c BK